| 000 | 00472nam a22001577a 4500 | ||
|---|---|---|---|
| 003 | OSt | ||
| 008 | 251224b |||||||| |||| 00| 0 eng d | ||
| 082 |
_a589.2 _bS41F |
||
| 100 | _aPriya, Shweta | ||
| 245 | _aFungal Plorain Soils of Some Krishi Vigyan Kendras Of Zone-I of Bihar With Special Reference to Population of Trichoderma Species | ||
| 260 |
_aPusa, Samastipur _bDRPCAU _c2013 |
||
| 300 | _a70p | ||
| 502 | _bM.Sc. | ||
| 650 | _aPlant Pathology | ||
| 942 |
_2ddc _cT |
||
| 999 |
_c49688 _d49688 |
||